| 000 | 01766nam a22003977a 4500 | ||
|---|---|---|---|
| 001 | 200462214 | ||
| 003 | TR-AnTOB | ||
| 005 | 20240806093730.0 | ||
| 008 | 240806b tu ||||| |||| 00| 0 tur d | ||
| 020 | _a9786051377360 | ||
| 040 |
_btur _erda _cTR-AnTOB _aTR-AnTOB |
||
| 041 | 0 | _atur | |
| 044 | _ctu | ||
| 092 |
_a940.3 _bÖRS 2019 |
||
| 100 | 1 |
_aÖrses, Tunca. _eAuthor |
|
| 245 | 1 |
_aCihan harbinde Türkler, 1914-1918/ _cTunca Örses ; İclal Örses. |
|
| 260 |
_aAnkara : _bTürkiye Odalar ve Borsalar Birliği, _c2019. |
||
| 300 |
_a563 Pages. : _bill. ; _c27 cm. |
||
| 336 |
_ametin _btxt _2rdacontent |
||
| 337 |
_aaracısız _bn _2rdamedia |
||
| 338 |
_acilt _bnc _2rdacarrier |
||
| 490 | 1 |
_aTOBB ; _v332 |
|
| 500 | _aCihan Harbi’nde Türkler 1914 - 1918, Tunca Örses, İclal Örses tarafından kaleme alınmıştır. Kitap 2019 yılında TOBB tarafından [Ankara] yayınlanmıştır. Sayfa bilgisi 565 s. olarak belirtilmiştir. Cihan Harbi’nde Türkler 1914 - 1918 adlı eser Türkçe dilindedir. | ||
| 650 | 0 | _aDünya Savaşı, 1914-1918 -- Türkiye | |
| 650 | 0 | _aDünya Savaşı, 1914-1918 -- Cepheler -- Türkiye -- Gelibolu Yarımadası -- Resimli çalışmalar | |
| 650 | 0 | _aDünya Savaşı, 1914-1918 -- Türkiye -- Çanakkale Savaşı | |
| 650 | 0 | _aKahramanlar -- Türkiye -- Dünya Savaşı, 1914-1918 | |
| 650 | 0 | _aGelibolu Yarımadası (Çanakkale, Türkiye) -- Tarih | |
| 650 | 0 | _aGallipoli Peninsula (Turkey) -- History | |
| 650 | 0 | _aGelibolu Yarımadası (Çanakkale, Türkiye) -- Resimli çalışmalar | |
| 650 | 0 | _aWorld War, 1914-1918 -- Turkey -- Gallipoli Peninsula -- Pictorial works -- Exhibitions | |
| 653 | _aGelibolu | ||
| 942 |
_2ddc _cBK |
||
| 999 |
_c200462214 _d80426 |
||